000 01046cab a2200289 4500
001 ABS55940
008 090401t1996 xxu||||| |||| 00| 0 eng d
035 _a(Sirsi) u19971
041 _aeng
100 _aHowell, J.
245 _aNational register of timber, damp and wall tie surveyors
260 _c1996
350 _a0
490 _aBuilding Engineer
_v71(8) October 1996, 10-11(2)
520 _aConsiders the problem of free surveys which recommend varying amounts of often unnecessary remedial work. Proposes a register of Association of Building Engineers members interested in undertaking surveys of timber, damp and wall tie problems.
650 _aASSOCIATION OF BUILDING ENGINEERS
650 _aBUILDING ENGINEERS
650 _aCAVITY WALL TIE FAILURE
650 _aDAMP
650 _aMORTGAGE VALUATION SURVEYS
650 _aPROFESSIONAL REGISTERS
650 _aREMEDIAL TREATMENT FIRMS
650 _aTIMBER INFESTATION
690 _aBUILT ENVIRONMENT-BUILDING INSPECTION
942 _n0
948 _c04/03/1997
999 _c13384
_d13384